LEADER 00933cam0-2200313-i-450- 001 990005747480403321 005 20151006130150.0 035 $a000574748 035 $aFED01000574748 035 $a(Aleph)000574748FED01 035 $a000574748 100 $a19990604d1930----km-y1itay50------ba 101 0 $ager 102 $aDE 105 $ay-------001yy 200 1 $aDeutsche Bühnenaussprache Hochsprache$fTheodor Siebs 205 $a15. Aufl. den Gesang berncksichtigend und mit Aussprachewörterbuch versehen 210 $aKöln$cAlbert Ahn$d1930 215 $a264 p.$d23 cm 610 0 $aLingua tedesca$aPronuncia 676 $a431.52$v22$zita 700 1$aSiebs,$bTheodor$0199123 801 0$aIT$bUNINA$gREICAT$2UNIMARC 901 $aBK 912 $a990005747480403321 952 $a431.52 SIE 1$bIst.Glott. 129$fFLFBC 959 $aFLFBC 996 $aDeutsche Bühnenaussprache Hochsprache$91496444 997 $aUNINA LEADER 01137nam--2200385---450 001 990003532710203316 005 20220131120210.0 010 $a978-88-15-149960-2 035 $a000353271 035 $aUSA01000353271 035 $a(ALEPH)000353271USA01 035 $a000353271 100 $a20110524d2011----km-y0itay50------ba 101 1$aita$ceng 102 $aIT 105 $a||||||||001yy 200 1 $aBreve storia della guerra$fJeremy Black 210 $aBologna$cIl Mulino$d2011 215 $a198 p.$d21 cm 225 2 $aUniversale paperbacks Il mulino$v598 300 $aTraduzione di Francesco Francis, edizione italiana a cura di Fabio Degli Esposti 410 0$12001$aUniversale paperbacks Il mulino$v598 454 0$12001$aWar$936510 606 0 $aGuerra$xStoria$2BNCF 676 $a355.0209 700 1$aBLACK,$bJeremy$f<1955- >$0144601 702 1$aFRANCIS,$bFrancesco 702 1$aDEGLI ESPOSTI,$bFabio 801 0$aIT$bsalbc$gISBD 912 $a990003532710203316 951 $aX.3.B. 6071$b231093 L.M.$cX.3.B.$d00296669 959 $aBK 969 $aUMA 996 $aWar$936510 997 $aUNISA LEADER 02248oam 2200493M 450 001 9910715584903321 005 20191116081229.8 035 $a(CKB)5470000002512202 035 $a(OCoLC)1065939033 035 $a(OCoLC)995470000002512202 035 $a(EXLCZ)995470000002512202 100 $a20070221d1826 ua 0 101 0 $aeng 135 $aurcn||||||||| 181 $ctxt$2rdacontent 182 $cc$2rdamedia 183 $acr$2rdacarrier 200 10$aIn Senate of the United States, April 21, 1826. Mr. Benton laid the following letter on the table: Washington City, 25th March, 1826. Sir: In answer to your letter of this day's date, inquiring "if I did not, under orders of the Department of War, make a reservation of certain public grounds in the town of St. Louis ... " 210 1$a[Washington, D.C.] :$c[publisher not identified],$d1826. 215 $a1 online resource (1 page) 225 1 $aSenate document / 19th Congress, 1st session. Senate ;$vno. 83 225 1 $a[United States congressional serial set ] ;$v[serial no. 128] 300 $aTitle from opening lines of text. 300 $aBatch processed record: Metadata reviewed, not verified. Some fields updated by batch processes. 300 $aFDLP item number not assigned. 517 $aIn Senate of the United States, April 21, 1826. Mr. Benton laid the following letter on the table 606 $aLand use 606 $aMilitary bases 606 $aPublic lands 608 $aLegislative materials.$2lcgft 615 0$aLand use. 615 0$aMilitary bases. 615 0$aPublic lands. 701 $aAtkinson$b Henry$f1782-1842.$01404806 701 $aBenton$b Thomas Hart$f1782-1858$pJacksonian (MO)$01387125 801 0$bWYU 801 1$bWYU 801 2$bOCLCO 801 2$bOCLCQ 801 2$bOCLCO 906 $aBOOK 912 $a9910715584903321 996 $aIn Senate of the United States, April 21, 1826. Mr. Benton laid the following letter on the table: Washington City, 25th March, 1826. Sir: In answer to your letter of this day's date, inquiring "if I did not, under orders of the Department of War, make a reservation of certain public grounds in the town of St. Louis ... "$93480102 997 $aUNINA